| 000 | 00917nam a2200253 i 4500 | ||
|---|---|---|---|
| 001 | bg | ||
| 100 | 1 | _aWYSOCKA, Elżbieta | |
| 245 | 1 | 0 |
_aPrzesłanki regionalizacji : _bzarys strategii rozwoju i polityki przestrzennej / _czespół aut. Elżbieta Wysocka, Jerzy Koziński ; współpr. Sławomir Anusz [et al.] ; Instytut Gospodarki Przestrzennej i Komunalnej. |
| 260 |
_aWarszawa : _bIGPiK, _c1998. |
||
| 300 |
_a178 s., [24] s. tabl. : _bmapy (w tym kolor.) ; _c24 cm. |
||
| 500 | _aStreszcz. ang. | ||
| 504 | _aBibliogr. s. 171-178. | ||
| 650 | 9 |
_aPlanowanie regionalne _zPolska _yod 1989 r. |
|
| 700 | 1 | _aKOZIŃSKI, Jerzy | |
| 700 | 1 | _aANUSZ, Sławomir. | |
| 710 | 0 | _aInstytut Gospodarki Przestrzennej i Komunalnej | |
| 020 | _a8386309237 | ||
| 040 | _cBPK | ||
| 041 | 0 |
_apl _ben |
|
| 080 | _a711(438)"1989/..." | ||
| 920 | _a83-86309-23-7 | ||
| 942 | _cKS | ||
| 008 | s pl f |000 0 pol | ||
| 999 |
_c34150 _d34150 |
||
| 856 |
_uhttp://koha.tu.koszalin.pl/cgi-bin/koha/opac-detail.pl?biblionumber=34150 _yKatalog online BPK |
||